13 Steps to bloody good marks / (Record no. 150955)

MARC details
000 -LEADER
fixed length control field 00612nam a22001937a 4500
005 - DATE AND TIME OF LATEST TRANSACTION
control field 20180410122639.0
010 ## - LCCN (DPL NO)
LC control number ENG-122599
020 ## - INTERNATIONAL STANDARD BOOK NUMBER
International Standard Book Number 9789386224767
Terms of availability 150.00
035 ## - SYSTEM CONTROL NUMBER
System control number EN-106131
037 ## - SOURCE OF ACQUISITION
Source of stock number/acquisition DBAD/PUB
082 ## - DEWEY DECIMAL CLASSIFICATION NUMBER
Classification number 330.16
100 ## - MAIN ENTRY--PERSONAL NAME
Personal name Sanghi,Ashwin
245 ## - TITLE STATEMENT
Title 13 Steps to bloody good marks /
Statement of responsibility, etc by Ashwin Sanghi and Ashok Rajani
260 ## - PUBLICATION, DISTRIBUTION, ETC. (IMPRINT)
Date of publication, distribution, etc 2017
Place of publication, distribution, etc Chennai
Name of publisher, distributor, etc westlan publications
270 ## - ADDRESS
Address 61,IInd floor,silverline Building,Alapakkam Main Road,Maduravoyal,
City Chennai
Postal code 600095
300 ## - PHYSICAL DESCRIPTION
Dimensions 21cm(pbk)
Extent 142p.
700 ## - ADDED ENTRY--PERSONAL NAME
Dates associated with a name Rajani,Ashok
942 ## - ADDED ENTRY ELEMENTS (KOHA)
Item type English Books
Source of classification or shelving scheme Dewey Decimal Classification
Call number suffix SAN
Classification part 330.16
Holdings
Withdrawn status Lost status Not for loan Collection code Home library Current library Date acquired Source of acquisition Cost, normal purchase price Full call number Barcode Copy number Cost, replacement price Koha item type
      Non-fiction Shahdara Branch Shahdara Branch 10/04/2018 DBAD/PUB 150.00 330.16 SAN EN-106131 1 150.00 English Books

© Delhi Public Library
Hit Counter
free hit counter